Riddles - Easy - Statistics

General Stats
  • This quiz has been taken 141 times
  • The average score is 8 of 15
Answer Stats
Hint Answer % Correct
David's father has three sons: Snap, Crackle and _____? David
80%
What can hold water despite being full of holes? Sponge
74%
What do you break the moment you name it? Silence
71%
What has hands but cannot clap? Clock
70%
What word starts with E, ends with E, but only holds a single letter? Envelope
65%
It belongs to you, but everyone else uses it more. What is it? Your name
59%
What has a tail and a head, but no body, and is not a snake? Coin
57%
What is more useful when it is broken? Egg
45%
I can be cracked, made, told and played. What am I? Joke
45%
What travels the world without ever leaving its corner? Stamp
45%
What gets bigger the more you take away? Hole
37%
What is always on its way but never arrives? Tomorrow
34%
What has an eye but can’t see? Needle
28%
The more you take, the more you leave behind. What am I? Footsteps
25%
What can speak but has no mouth, can reproduce but has no body? Echo
16%
No matching quizzes found
Score Distribution
Percent of People with Each Score
Percentile by Number Answered
Your Score History
You have not taken this quiz